Những bí mật của trái đất

Bewaard in:
Bibliografische gegevens
Hoofdauteur: Diêu Đại Quân
Formaat: Boek
Gepubliceerd in: Thanh niên 2000
Tags: Voeg label toe
Geen labels, Wees de eerste die dit record labelt!
Thư viện lưu trữ: Mạng thư viện Đại học Đà Nẵng
LEADER 00607nam a2200229 a 4500
001 000028841
003 6174
005 20171030145630.0
008 171030s2000
020 |c 32000 
040 |a LTT 
082 0 |a 001  |b DI-Q 
100 1 |a Diêu Đại Quân 
245 0 0 |a Những bí mật của trái đất  |c Diêu Đại Quân, Hạ Vũ, Mục Chí Văn ; Đoàn Mạnh Thế dịch. 
260 |b Thanh niên  |c 2000 
OWN |a LTT 
999 |a From the UDN01 
TYP |a Monograph 
TYP |a Printed language 
980 |a Mạng thư viện Đại học Đà Nẵng